| 000 | 00389 a2200169 4500 | ||
|---|---|---|---|
| 001 | 164133 | ||
| 020 | _a85-16-03697-9 | ||
| 040 | _cMagnum | ||
| 100 | _aCanto, Eduardo Leite do | ||
| 240 | 1 | 0 |
_aQuímica na abordagem do cotidiano 3 _lpor |
| 245 | 1 | 0 | _aQuímica na abordagem do cotidiano 3 |
| 300 | _a344 | ||
| 362 | 0 | _a2003 | |
| 440 | 1 | _aModerna | |
| 697 | _aQUÍMICA | ||
| 942 | _cBK | ||
| 999 |
_c164133 _d164133 |
||